[Event "Torredembarra op 21st"]
[Site "Torredembarra"]
[Date "2019.07.14"]
[Round "9"]
[White "Soler Lopez, Hugo"]
[Black "Ventos, Liberto"]
[Result "1-0"]
[WhiteElo "2072"]
[BlackElo "2013"]
[PlyCount "85"]
[EventDate "2019.07.06"]
[EventType "swiss"]
[EventRounds "9"]
[EventCountry "ESP"]
[SourceTitle "CBM 191 Extra"]
[Source "ChessBase"]
[SourceDate "2019.09.30"]
[SourceVersion "1"]
[SourceVersionDate "2019.09.30"]
[SourceQuality "1"]

1. e4 e5 2. Nf3 Nc6 3. Bc4 Be7 4. d4 exd4 5. Nxd4 Bf6 6. Nxc6 bxc6 7. 0-0 d6 8. f4 g6 9. Qf3 Bd4+ 10. Kh1 h5 11. Qb3 Nh6 12. f5 g5 13. Qa4 Be5 14. Qxc6+ Bd7 15. Qd5 c6 16. Qd3 Ng4 17. h3 Qb6 18. Qe2 Bg3 19. Bxg5 Nf2+ 20. Rxf2 Qxf2 21. Qxf2 Bxf2 22. Nd2 Bd4 23. c3 Be5 24. Nf3 Bg3 25. Bf6 0-0 26. Rd1 Rae8 27. e5 d5 28. Bd3 c5 29. Rd2 Bc6 30. Re2 Rc8 31. Be7 Rfe8 32. Bxc5 Bd7 33. Bf2 Bxf2 34. Rxf2 Rb8 35. Re2 Kg7 36. Nd4 Rb6 37. g3 Kh6 38. Kg2 Kg5 39. Nf3+ Kh6 40. g4 hxg4 41. hxg4 Bb5 42. g5+ Kh5 43. Kg3 1-0

[Event "Barcelona La Lira op 34th"]
[Site "Barcelona"]
[Date "2016.02.26"]
[Round "7"]
[White "Porras Mateo, Felipe"]
[Black "Soler Lopez, Hugo"]
[Result "1-0"]
[WhiteElo "2248"]
[BlackElo "1979"]
[PlyCount "111"]
[EventDate "2016.01.15"]
[EventType "swiss"]
[EventRounds "8"]
[EventCountry "ESP"]
[SourceTitle "EXT 2017"]
[Source "ChessBase"]
[SourceDate "2016.10.25"]
[SourceVersion "1"]
[SourceVersionDate "2016.10.25"]
[SourceQuality "1"]

1. Nf3 d5 2. d4 Nf6 3. c4 c6 4. Nc3 Bf5 5. g3 h6 6. Bg2 e6 7. 0-0 Nbd7 8. b3 Bb4 9. Bb2 0-0 10. a3 Bxc3 11. Bxc3 Ne4 12. Bb2 dxc4 13. bxc4 Qb6 14. Qc1 Qb3 15. Rb1 Nb6 16. c5 Nd5 17. Ba1 Qa2 18. Qb2 Qxb2 19. Rxb2 b6 20. Ne5 Nef6 21. Re1 Bh7 22. e4 Ne7 23. a4 Rfd8 24. Rb3 bxc5 25. Rb7 Kf8 26. dxc5 Bxe4 27. Bxe4 Nxe4 28. Nd7+ Ke8 29. Rxe4 Rxd7 30. Rxd7 Kxd7 31. Bxg7 Nf5 32. Be5 Rd8 33. Rb4 Ke8 34. Bf6 Ne7 35. Be5 f6 36. Bc7 Rd7 37. Rb8+ Kf7 38. Bf4 Rd4 39. a5 e5 40. Bxh6 Ra4 41. h4 Rxa5 42. h5 Rxc5 43. Rf8+ Ke6 44. Bg7 e4 45. Rxf6+ Kd7 46. h6 Rh5 47. Rf4 Ke6 48. g4 Rh4 49. Kg2 e3 50. fxe3 Nd5 51. Kg3 Rh1 52. Ra4 Kf7 53. Rxa7+ Kg6 54. e4 Rg1+ 55. Kf3 Nb4 56. Bc3 1-0

[Event "Barcelona Sant Marti op-A 5th"]
[Site "Barcelona"]
[Date "2016.02.25"]
[Round "7"]
[White "Munoz Pantoja, Miguel Angel"]
[Black "Soler Lopez, Hugo"]
[Result "1-0"]
[WhiteElo "2451"]
[BlackElo "1979"]
[PlyCount "67"]
[EventDate "2016.01.14"]
[EventType "swiss"]
[EventRounds "9"]
[EventCountry "ESP"]
[SourceTitle "EXT 2017"]
[Source "ChessBase"]
[SourceDate "2016.10.25"]
[SourceVersion "1"]
[SourceVersionDate "2016.10.25"]
[SourceQuality "1"]

1. e4 e5 2. d4 exd4 3. Qxd4 Nc6 4. Qe3 Nf6 5. Bd2 Be7 6. c4 0-0 7. Nc3 d6 8. 0-0-0 Ng4 9. Qe1 f5 10. h3 Nf6 11. exf5 Bxf5 12. g4 Bg6 13. f4 Re8 14. f5 Bf7 15. Nf3 Nd7 16. Qg3 Nde5 17. Nxe5 Nxe5 18. Bf4 Bh4 19. Qg2 Bg5 20. Qd2 Nf3 21. Bxg5 Qxg5 22. Qxg5 Nxg5 23. Bg2 Bxc4 24. Bxb7 Rab8 25. Bc6 Re5 26. Rd4 Bxa2 27. b4 Bf7 28. h4 Nf3 29. Rf4 Re3 30. Rxf3 Rxf3 31. Bxf3 Rxb4 32. Kd2 h5 33. g5 Rf4 34. Be4 1-0

[Event "Barcelona Sant Marti op-A 5th"]
[Site "Barcelona"]
[Date "2016.02.11"]
[Round "5"]
[White "Soler Lopez, Hugo"]
[Black "Garcia Martinez, Josep"]
[Result "1-0"]
[WhiteElo "1979"]
[BlackElo "2081"]
[PlyCount "35"]
[EventDate "2016.01.14"]
[EventType "swiss"]
[EventRounds "9"]
[EventCountry "ESP"]
[SourceTitle "EXT 2017"]
[Source "ChessBase"]
[SourceDate "2016.10.25"]
[SourceVersion "1"]
[SourceVersionDate "2016.10.25"]
[SourceQuality "1"]

1. e4 e6 2. d4 d5 3. Nd2 Nc6 4. Ngf3 Nf6 5. e5 Nd7 6. Bd3 Nb4 7. Be2 c5 8. 0-0 cxd4 9. Nb3 Qc7 10. Nbxd4 Nxe5 11. Nxe5 Qxe5 12. Bb5+ Kd8 13. a3 Bc5 14. Nf3 Qd6 15. axb4 Bxb4 16. c3 Bc5 17. b4 Bb6 18. c4 1-0

[Event "Barcelona Sant Marti op-A 5th"]
[Site "Barcelona"]
[Date "2016.02.04"]
[Round "4"]
[White "Hernando Rodrigo, Julio Antonio"]
[Black "Soler Lopez, Hugo"]
[Result "1-0"]
[WhiteElo "2389"]
[BlackElo "1979"]
[PlyCount "83"]
[EventDate "2016.01.14"]
[EventType "swiss"]
[EventRounds "9"]
[EventCountry "ESP"]
[SourceTitle "EXT 2017"]
[Source "ChessBase"]
[SourceDate "2016.10.25"]
[SourceVersion "1"]
[SourceVersionDate "2016.10.25"]
[SourceQuality "1"]

1. d4 d5 2. Nf3 Nf6 3. c4 c6 4. e3 Bg4 5. h3 Bh5 6. Nc3 e6 7. g4 Bg6 8. Ne5 Nbd7 9. Nxg6 hxg6 10. Bd2 g5 11. cxd5 exd5 12. Bg2 Be7 13. Qc2 Qb6 14. Na4 Qc7 15. b4 Nb6 16. Nb2 a6 17. a3 g6 18. f3 Qg3+ 19. Kf1 Kf8 20. a4 Kg7 21. a5 Nbd7 22. Nd3 Raf8 23. Bc3 Qc7 24. Re1 Re8 25. Ne5 Nf8 26. Kf2 Ne6 27. Bf1 Nd7 28. Qd2 Bd6 29. f4 gxf4 30. exf4 f6 31. Nxg6 Kxg6 32. f5+ Kg7 33. Rxe6 Rxe6 34. fxe6 Nf8 35. Qe3 Bf4 36. Qd3 Nxe6 37. Bg2 Bg5 38. Rf1 Qh2 39. Qf3 Bh4+ 40. Ke2 Ng5 41. Qxf6+ Kg8 42. Qg6# 1-0

[Event "Barcelona Sant Marti op-A 5th"]
[Site "Barcelona"]
[Date "2016.01.21"]
[Round "2"]
[White "Ventura Bolet, Maxim"]
[Black "Soler Lopez, Hugo"]
[Result "1/2-1/2"]
[WhiteElo "2239"]
[BlackElo "1979"]
[PlyCount "126"]
[EventDate "2016.01.14"]
[EventType "swiss"]
[EventRounds "9"]
[EventCountry "ESP"]
[SourceTitle "EXT 2017"]
[Source "ChessBase"]
[SourceDate "2016.10.25"]
[SourceVersion "1"]
[SourceVersionDate "2016.10.25"]
[SourceQuality "1"]

1. d4 Nf6 2. Nf3 d5 3. g3 e6 4. Bg2 c5 5. c4 cxd4 6. Nxd4 e5 7. Nb3 Bb4+ 8. Bd2 dxc4 9. 0-0 Be7 10. Na5 Nbd7 11. Nxc4 0-0 12. Ba5 Qe8 13. Bc7 Bc5 14. Nc3 Qe6 15. Nd6 e4 16. Ndxe4 Nxe4 17. Nxe4 Bb6 18. Bxb6 Qxb6 19. b3 Nc5 20. Nxc5 Qxc5 21. Rc1 Qb6 22. Qd5 Rb8 23. Rfd1 Be6 24. Qd4 Qa5 25. Qd2 Qb6 26. Qb2 Rfd8 27. Bf3 a5 28. h4 Qb4 29. Qb1 a4 30. bxa4 Qxa4 31. Rxd8+ Rxd8 32. Qxb7 Qxa2 33. Qe7 Qd2 34. Ra1 h6 35. Kg2 Qd7 36. Qxd7 Bxd7 37. Ra5 Be6 38. g4 g6 39. g5 h5 40. Kg3 Rd4 41. e3 Rb4 42. Ra8+ Kg7 43. Rd8 Rb1 44. Rd4 Rg1+ 45. Kh2 Rf1 46. Kg2 Rc1 47. Bd5 Bxd5+ 48. Rxd5 Kf8 49. Rd7 Rc4 50. f4 Rc2+ 51. Kf3 Rh2 52. Kg3 Re2 53. f5 Rxe3+ 54. Kf4 Re1 55. f6 Re2 56. Rd8+ Re8 57. Rxe8+ Kxe8 58. Ke5 Kd7 59. Kd5 Kc7 60. Kc5 Kd7 61. Kb5 Kc7 62. Kc5 Kd7 63. Kd5 Kc7 1/2-1/2

[Event "Barcelona Vila de Gracia op 9th"]
[Site "Barcelona"]
[Date "2015.10.16"]
[Round "3"]
[White "Soler Lopez, Hugo"]
[Black "Martinez, Juan Manuel"]
[Result "1-0"]
[WhiteElo "2124"]
[BlackElo "2144"]
[PlyCount "45"]
[EventDate "2015.10.02"]
[EventType "swiss"]
[EventRounds "9"]
[EventCountry "ESP"]
[SourceTitle "CBM 169 Extra"]
[Source "ChessBase"]
[SourceDate "2015.12.18"]
[SourceVersion "1"]
[SourceVersionDate "2015.12.18"]
[SourceQuality "1"]

1. e4 e5 2. Nf3 Nc6 3. Bc4 Be7 4. d4 exd4 5. Nxd4 Nf6 6. Nxc6 bxc6 7. e5 Ne4 8. Qf3 d5 9. exd6 Nxd6 10. Bb3 Bb7 11. 0-0 0-0 12. Nc3 Bf6 13. Rd1 Qc8 14. Na4 c5 15. Bd5 Bxd5 16. Qxd5 Qg4 17. Nxc5 Rad8 18. h3 Qe2 19. Qd3 Qe5 20. Qd5 Nb7 21. Nd7 Rxd7 22. Qxd7 Rd8 23. Qg4 1-0

[Event "Barcelona Tupinamba op 10th"]
[Site "Barcelona"]
[Date "2015.05.20"]
[Round "9"]
[White "Soler Lopez, Hugo"]
[Black "Parayre Soguero, Jordi"]
[Result "1/2-1/2"]
[WhiteElo "1886"]
[BlackElo "2091"]
[PlyCount "111"]
[EventDate "2015.03.18"]
[EventType "swiss"]
[EventRounds "9"]
[EventCountry "ESP"]
[SourceTitle "EXT 2018"]
[Source "ChessBase"]
[SourceDate "2017.10.13"]
[SourceVersion "1"]
[SourceVersionDate "2017.10.13"]
[SourceQuality "1"]

1. e4 c6 2. d4 d5 3. exd5 cxd5 4. c4 Nf6 5. Nc3 Nc6 6. Nf3 Be6 7. c5 g6 8. Bb5 Bg7 9. 0-0 0-0 10. Re1 Bg4 11. Bxc6 bxc6 12. h3 Bxf3 13. Qxf3 Rb8 14. Rb1 Rb4 15. Qd3 Nd7 16. Be3 e5 17. a3 Rb3 18. Qc2 Qb8 19. dxe5 Bxe5 20. f4 Bg7 21. Bf2 d4 22. Ne4 d3 23. Qc4 Nf6 24. Nd2 Rxb2 25. Qxd3 Nd5 26. Rxb2 Qxb2 27. Rb1 Nxf4 28. Qd6 Qf6 29. Ne4 Qxd6 30. cxd6 Rd8 31. Bh4 Bd4+ 32. Kh1 f6 33. Nxf6+ Bxf6 34. Bxf6 Rxd6 35. Bg5 Nd3 36. Rf1 Re6 37. Kh2 c5 38. Bh6 Re8 39. Rf6 Rc8 40. Rd6 c4 41. Rd7 a5 42. Bd2 Nc5 43. Ra7 Nb3 44. Bc3 h5 45. Rg7+ Kf8 46. Rxg6 Rc5 47. g4 hxg4 48. hxg4 Nc1 49. Re6 Na2 50. Re3 Nxc3 51. Rxc3 Kf7 52. Kg3 Kg6 53. Kf4 Kf6 54. Ke4 Rg5 55. Rxc4 Rxg4+ 56. Kd5 1/2-1/2

[Event "Barcelona Sant Marti op-A 4th"]
[Site "Barcelona"]
[Date "2015.03.05"]
[Round "8"]
[White "Perez Pastora, Evaristo"]
[Black "Soler Lopez, Hugo"]
[Result "1/2-1/2"]
[WhiteElo "2179"]
[BlackElo "1851"]
[PlyCount "51"]
[EventDate "2015.01.15"]
[EventType "swiss"]
[EventRounds "9"]
[EventCountry "ESP"]
[SourceTitle "EXT 2016"]
[Source "ChessBase"]
[SourceDate "2015.10.08"]
[SourceVersion "1"]
[SourceVersionDate "2015.10.08"]
[SourceQuality "1"]

1. e4 e5 2. Nf3 Nc6 3. Bb5 Nf6 4. d3 Bc5 5. 0-0 d6 6. h3 0-0 7. Nc3 Nd4 8. Nxd4 Bxd4 9. Ne2 Bb6 10. Ng3 c6 11. Bc4 Be6 12. Bb3 d5 13. Qf3 h6 14. Nf5 Bxf5 15. Qxf5 dxe4 16. dxe4 Qe7 17. g4 Nh7 18. Kg2 Rad8 19. f4 exf4 20. Bxf4 Nf6 21. Rae1 Bc7 22. Re2 Bxf4 23. Rxf4 Nd7 24. e5 Nc5 25. Kg3 Ne6 26. Bxe6 1/2-1/2

[Event "Barcelona Sant Marti op-A 4th"]
[Site "Barcelona"]
[Date "2015.01.29"]
[Round "3"]
[White "Soler Lopez, Hugo"]
[Black "Severri Arrese, Carlos"]
[Result "1/2-1/2"]
[WhiteElo "1851"]
[BlackElo "1990"]
[PlyCount "85"]
[EventDate "2015.01.15"]
[EventType "swiss"]
[EventRounds "9"]
[EventCountry "ESP"]
[SourceTitle "EXT 2016"]
[Source "ChessBase"]
[SourceDate "2015.10.08"]
[SourceVersion "1"]
[SourceVersionDate "2015.10.08"]
[SourceQuality "1"]

1. e4 e6 2. d4 d5 3. e5 c5 4. c3 Qb6 5. Nf3 Nc6 6. a3 Bd7 7. b4 cxd4 8. cxd4 Nge7 9. Nc3 Nf5 10. Na4 Qd8 11. Bb2 Be7 12. Bd3 0-0 13. Rc1 f6 14. 0-0 fxe5 15. dxe5 g6 16. Nc5 Bxc5 17. Rxc5 Rc8 18. Qe2 Nh4 19. Nxh4 Qxh4 20. Qe3 b6 21. Rc2 Nb8 22. Rfc1 Rxc2 23. Rxc2 Rc8 24. Rxc8+ Bxc8 25. Qc1 Qd8 26. Qc2 Kg7 27. Bc1 Bd7 28. b5 Be8 29. Bf4 Nd7 30. Qc1 Nc5 31. Bh6+ Kg8 32. Qf4 Bf7 33. Bc2 Nd7 34. Qb4 Qc8 35. Qe7 Qe8 36. Qxe8+ Bxe8 37. f4 Nc5 38. a4 a6 39. bxa6 Nxa6 40. Bg5 Nc5 41. Bd8 Bxa4 42. Bxb6 Bxc2 43. Bxc5 1/2-1/2